| 000 | 00693nam a2200241 a 4500 | ||
|---|---|---|---|
| 999 |
_c10702 _d10702 |
||
| 001 | 10702 | ||
| 003 | BD-JhCC | ||
| 005 | 20221128134022.0 | ||
| 008 | 180809r20051989enk 000 1 eng d | ||
| 020 | _a9780571258246 | ||
| 035 | _a(BD-JhCC)10702 | ||
| 040 |
_aUkOxU _erda _cUkOxU _dBD-JhCC |
||
| 041 | _aeng | ||
| 082 |
_a823.914 _bISH 2005 |
||
| 100 | 1 |
_aIshiguro, Kazuo, _d1954- |
|
| 245 | 1 | 4 |
_aThe remains of the day / _cKazuo Ishiguro. |
| 300 |
_a258 pages ; _c20 cm |
||
| 500 | _aOriginally published: 1989. | ||
| 500 |
_aFormerly CIP. _5Uk |
||
| 650 | 0 |
_aSocial classes _zEngland _xHistory _y20th century _vFiction. |
|
| 650 | 0 |
_aButlers _zEngland _vFiction. |
|
| 942 |
_2ddc _cBK _012 |
||